The office - Monologue de Dwight vf - Statistiques

Statistiques générales
  • Ce quiz a été pris 322 fois
  • Le résultat moyen est 39 sur 166
Statistiques - réponses
Réponse % Correct
je
78%
Je
78%
à
66%
le
60%
la
47%
47%
de
46%
Et
41%
et
41%
me
40%
que
39%
elle.
36%
elle
34%
Elle
34%
ne
32%
par
32%
Pour
32%
pour
32%
un
31%
les
29%
en
28%
ces
26%
du
24%
mais
24%
moi
24%
pas
23%
ai
22%
non.
22%
vais
22%
crime
21%
Non.
21%
Une
21%
une
21%
au
19%
fait
19%
Quel
19%
C'est
18%
c'est
18%
parfait ?
18%
son
16%
faire.
15%
J'ai
14%
serait
14%
Tiffany
14%
Tiffany.
14%
avec
13%
On
13%
dis
12%
Berlin.
11%
dit
11%
lui
11%
police.
11%
chez
10%
Paris
10%
plus
10%
chef
9%
or
9%
caché
8%
Canada.
8%
lustre.
8%
nuit
8%
père
8%
toute
8%
eu
7%
fils
7%
leur
7%
Mexique
7%
effraction
6%
j'avais
6%
minuit.
6%
rien
6%
coffre
5%
femme
5%
fort ?
5%
J'entre
5%
l'amour
5%
merveille.
4%
n'en
4%
près
4%
puis
4%
société
4%
Trocadero.
4%
uniforme.
4%
années,
3%
ans
3%
C'était
3%
confiance
3%
d'arrêter
3%
froid.
3%
matin,
3%
rejoindre
3%
toutes
3%
viens
3%
arrive
2%
attendu
2%
Aucune
2%
aucune
2%
autre
2%
décroche
2%
devient
2%
immédiatement.
2%
intéressante.
2%
liaison.
2%
pendant
2%
policiers
2%
tard.
2%
eut
1%
j'adore
1%
l'histoire
1%
m'avoir
1%
m'échappe
1%
n'avoir
1%
reçoit
1%
surtout
1%
trente
1%
carte
0%
postale
0%
Aucun quiz correspondant
Distribution des résultats
% des personnes avec chaque résultat
Percentile par nombre de réponses
Votre historique - résultats
Vous n’avez pas pris ce quiz